पायवाट (Record no. 403878)

MARC details
000 -LEADER
fixed length control field 00403nam a2200145Ia 4500
008 - FIXED-LENGTH DATA ELEMENTS--GENERAL INFORMATION
fixed length control field 100122s9999 xx 000 0 und d
082 ## - DEWEY DECIMAL CLASSIFICATION NUMBER
Item number 12899
Classification number 821
100 ## - MAIN ENTRY--PERSONAL NAME
Personal name मोहोड बाबा
245 ## - TITLE STATEMENT
Title पायवाट
260 ## - PUBLICATION, DISTRIBUTION, ETC. (IMPRINT)
Name of publisher, distributor, etc महाराष्ट्र प्रकाशन
Date of publication, distribution, etc 1957
300 ## - PHYSICAL DESCRIPTION
Extent 112
630 ## - SUBJECT ADDED ENTRY--UNIFORM TITLE
Uniform title पायवाट
730 ## - ADDED ENTRY--UNIFORM TITLE
Uniform title पायवाट
942 ## - ADDED ENTRY ELEMENTS (KOHA)
Koha item type Book

No items available.